000 00304nam a22001457a 4500
003 SGT
082 _a611
_bG17A
100 _aAGUR, ANNE M.R.
245 _aGRANT'S ATLAS OF ANATOMY
250 _a14TH
260 _aINDIA
_bWOLTTER KLUWER
_c2017
300 _a867
650 _aANATOMY
942 _2ddc
_cBK
999 _c13965
_d13965